000
00293nam a2200097Ia 4500
082
_a
J 531.14 SLAD
245
0
_a
Feel the G's : the science of gravity and G-forces
100
_a
SLADE, Suzanne Mankato, MN, 2009
_9
93076
942
_c
BK
008
210817s9999 xx 000 0 und d
999
_c
380094
_d
380093